000 00703nam a22002177a 4500
005 20251108172937.0
008 250721s1999 xx 000 0 ara d
082 1 4 _a618.1/تشا
100 1 _aتشامبرلين، جيوفري
_eمؤلف
245 1 0 _aالحمل : تساؤلات و إجابات /
250 _aط 2.
264 1 _aالقاهرة :
_bالشركة المصرية العالمية للنشر،
_c1999.
300 _a204 ص.
490 0 _aدليل الأسرة الطبي
650 1 7 _aالحمل
650 1 7 _aالرعاية الصحية
650 1 7 _aرعاية الحوامل
700 1 _aالسباعي، سامح بيومي
_etran.
942 _2ddc
_cBK
999 _c92446
_d92446